10 Closest Capitals to Berlin Quiz Stats

 Plays Quiz Updated Aug 16, 2018

Challenge
Share
Tweet
Embed
Score 0/10 Timer 02:00
9 Plays Today
Capital % Correct
Warsaw, Poland
92.3%
Vienna, Austria
90.5%
Amsterdam, Netherlands
88%
Copenhagen, Denmark
87.5%
Brussels, Belgium
86.4%
Prague, Czechia
85.7%
Luxembourg, Luxembourg
78.4%
Budapest, Hungary
69%
Bratislava, Slovakia
61.2%
Vaduz, Liechtenstein
57.9%

You're not logged in!

Compare scores with friends on all Sporcle quizzes.
OR
Log In

You Might Also Like...

Show Comments

Extras

Top Quizzes Today


Score Distribution

Your Account Isn't Verified!

In order to create a playlist on Sporcle, you need to verify the email address you used during registration. Go to your Sporcle Settings to finish the process.

Report this User

Report this user for behavior that violates our Community Guidelines.

Details: